书目信息 |
| 题名: |
建筑设备安装
|
|
| 作者: | 张会宾 主编 | |
| 分册: | ||
| 出版信息: | 武汉 华中科技大学出版社 2009.01 |
|
| 页数: | 476页 | |
| 开本: | 24cm | |
| 丛书名: | 土木工程资料编制细节与表格填写范例丛书 | |
| 单 册: | ||
| 中图分类: | TU8 | |
| 科图分类: | ||
| 主题词: | 房屋建筑设备--fang wu jian zhu she bei--建筑安装工程--资料--编制 | |
| 电子资源: | ||
| ISBN: | 978-7-5609-5114-0 | |
| 000 | 01004nam 2200265 450 | |
| 001 | 012009537685 | |
| 005 | 20090506095251.29 | |
| 010 | @a978-7-5609-5114-0@dCNY55.00 | |
| 100 | @a20090506d2009 em y0chi0120 ea | |
| 101 | 0 | @achi |
| 102 | @aCN@b420000 | |
| 105 | @ak a 000yy | |
| 106 | @ar | |
| 200 | 1 | @a建筑设备安装@Ajian zhu she bei an zhuang@f张会宾主编@Fzhang hui bin zhu bian |
| 210 | @a武汉@c华中科技大学出版社@d2009.01 | |
| 215 | @a476页@d24cm | |
| 225 | 2 | @a土木工程资料编制细节与表格填写范例丛书@Atu mu gong cheng zi liao bian zhi xi jie yu biao ge tian xie fan li cong shu |
| 320 | @a有书目 | |
| 330 | @a本书主要包括了:建筑给水排水及采暖工程、建筑电气工程、通风与空调工程、电梯工程、智能建筑工程五个部分。 | |
| 410 | 0 | @12001 @a土木工程资料编制细节与表格填写范例丛书 |
| 606 | 0 | @a房屋建筑设备@Afang wu jian zhu she bei@x建筑安装工程@x资料@x编制 |
| 690 | @aTU8@v4 | |
| 701 | 0 | @a张会宾@Azhang hui bin@4主编 |
| 801 | 0 | @aCN@bQSSK@c20090506 |
| 905 | @b742514-16@dTU8@eZ110@f3 | |
| 建筑设备安装/张会宾主编.-武汉:华中科技大学出版社,2009.01 |
| 476页;24cm.-(土木工程资料编制细节与表格填写范例丛书) |
| ISBN 978-7-5609-5114-0:CNY55.00 |
| 本书主要包括了:建筑给水排水及采暖工程、建筑电气工程、通风与空调工程、电梯工程、智能建筑工程五个部分。 |
| ● |
| 相关链接 |
|
|
|
正题名:建筑设备安装
索取号:TU8/Z110
 
预约/预借
| 序号 | 登录号 | 条形码 | 馆藏地/架位号 | 状态 | 备注 |
| 1 | 742514 | 207425142 | 建筑库201/201建筑库 49排1列3层/ [索取号:TU8/Z110] | 在馆 | |
| 2 | 742515 | 207425151 | 建筑库201/201建筑库 49排1列4层/ [索取号:TU8/Z110] | 在馆 | |
| 3 | 742516 | 207425160 | 建筑库201/201建筑库 49排1列3层/ [索取号:TU8/Z110] | 在馆 |